Australian Band Names By Picture Clue - Statistics

General Stats
  • This quiz has been taken 123 times
  • The average score is 5 of 16
Answer Stats
Picture Answer % Correct
AC/DC
73%
Bee Gees
65%
The Church
56%
Rose Tattoo
53%
Icehouse
50%
Jigsaw
47%
Air Supply
28%
Tame Impala
24%
Birthday Party
22%
The Saints
20%
The Avalanches
15%
Amyl and the Sniffers
13%
The Triffids
13%
Sherbet
11%
Beasts Of Bourbon
5%
Flash and the Pan
1%
No matching quizzes found
Score Distribution
Percent of People with Each Score
Percentile by Number Answered
Your Score History
You have not taken this quiz